Statistics for Biggest Cities in Ireland

Click here to take the quiz!

General Stats

  • This quiz has been taken 30 times
  • The average score is 4 of 5

Answer Stats

Population Answer % Correct
1,173,179Dublin
92%
208,669Cork
83%
79,934Galway
67%
94,192Limerick
63%
53,504Waterford
54%

Score Distribution

Percentile by Number Answered

Percent of People with Each Score

Your Score History

You have not taken this quiz